| 000 | 00825nam a22001577a 4500 | ||
|---|---|---|---|
| 003 | OSt | ||
| 005 | 20151004150320.0 | ||
| 008 | 151004b xxu||||| |||| 00| 0 eng d | ||
| 040 | _cRUA | ||
| 082 | _aAVM VAN 2004 B074 Or.1 | ||
| 100 |
_92007 _aVANN, SOVATHA. |
||
| 245 | _abiotechnology of fermented soybean with yeast saccharomycess ceresiae and its effect on performance of weaned piglets (ជីវបច្ចេកវិទ្យានៃការកែច្នៃសណ្តែកសៀងដោយល្បើងជាមួយមេល្បើង saccharomycess ceresiae និង ឥទ្ធិពលរបស់វាទៅលើការលូតលាស់របស់កូនជ្រូកផ្តាច់ដោះ) | ||
| 260 |
_aPhnom Penh _bRUA _c2004 |
||
| 300 |
_a41p. _bill. _c29cm. |
||
| 942 |
_2ddc _cAVM |
||
| 999 |
_c1896 _d1896 |
||